[Event "Asuncion CIT op"]
[Site "Asuncion"]
[Date "2023.08.18"]
[Round "9"]
[White "Villegas, Franco"]
[Black "De Dovitiis, Alejo"]
[Result "1/2-1/2"]
[WhiteElo "2374"]
[BlackElo "2274"]
[PlyCount "110"]
[EventDate "2023.08.12"]
[EventType "swiss"]
[EventRounds "9"]
[EventCountry "PAR"]
[SourceTitle "CBM 215 Extra"]
[Source "ChessBase"]
[SourceDate "2023.09.30"]
[SourceVersion "1"]
[SourceVersionDate "2023.09.30"]
[SourceQuality "1"]

1. e4 c5 2. Nf3 e6 3. d4 cxd4 4. Nxd4 Nf6 5. Nc3 d6 6. g4 h6 7. h4 d5 8. exd5 Nxd5 9. Bb5+ Bd7 10. Nxd5 exd5 11. Qe2+ Be7 12. Bxd7+ Qxd7 13. Nf5 Rg8 14. Be3 Nc6 15. 0-0-0 Qe6 16. Rhe1 0-0-0 17. Bxa7 Qxe2 18. Rxe2 Bxh4 19. Nxh4 Nxa7 20. Re7 Nc6 21. Rxf7 Ne5 22. Re7 Nxg4 23. Rd3 Rde8 24. Nf5 Kb8 25. f3 Nf6 26. Rde3 Rxe7 27. Rxe7 h5 28. Rf7 Ne8 29. f4 g6 30. Ne3 Rh8 31. Kd2 Nd6 32. Rg7 d4 33. Nf1 Rh6 34. Kd3 Nf5 35. Rg8+ Kc7 36. Nh2 h4 37. Ke4 h3 38. Ke5 Ne3 39. Kxd4 Nxc2+ 40. Ke5 Nb4 41. b3 Nd3+ 42. Ke4 Nc5+ 43. Kf3 Ne6 44. Kg3 Nd4 45. Kg4 Ne6 46. b4 b5 47. Ra8 Kc6 48. Ra6+ Kd5 49. Rb6 Nxf4 50. Rxb5+ Kc4 51. Rb8 Nd5 52. a3 Rh7 53. Ra8 Nb6 54. Ra6 Rb7 55. Ra5 Kb3 1/2-1/2

[Event "Asuncion CIT op"]
[Site "Asuncion"]
[Date "2023.08.13"]
[Round "2"]
[White "De Dovitiis, Alejo"]
[Black "Zenti, Edoardo"]
[Result "1-0"]
[WhiteElo "2274"]
[BlackElo "1796"]
[PlyCount "69"]
[EventDate "2023.08.12"]
[EventType "swiss"]
[EventRounds "9"]
[EventCountry "PAR"]
[SourceTitle "CBM 215 Extra"]
[Source "ChessBase"]
[SourceDate "2023.09.30"]
[SourceVersion "1"]
[SourceVersionDate "2023.09.30"]
[SourceQuality "1"]

1. e4 c5 2. Nf3 g6 3. d4 cxd4 4. Nxd4 Nc6 5. Nc3 Bg7 6. Be3 Nf6 7. Nxc6 bxc6 8. e5 Ng8 9. f4 Nh6 10. Bc4 d5 11. Bb3 0-0 12. h3 Nf5 13. Bf2 e6 14. Qd2 f6 15. g4 Ne7 16. exf6 Bxf6 17. 0-0-0 Qc7 18. Na4 Rb8 19. Nc5 a5 20. c3 Bg7 21. Be3 Rb5 22. Ba4 Qd6 23. Bxb5 cxb5 24. Rhf1 Nc6 25. Bd4 b4 26. Bxg7 Kxg7 27. Qe3 bxc3 28. Qxc3+ Kg8 29. Ne4 Qc7 30. Nf6+ Rxf6 31. Qxf6 Nb4+ 32. Kb1 Qc2+ 33. Ka1 Qa4 34. a3 Nc2+ 35. Kb1 1-0

[Event "Asuncion CIT op"]
[Site "Asuncion"]
[Date "2023.08.12"]
[Round "1"]
[White "Franco Carballo, Enzo Moises"]
[Black "De Dovitiis, Alejo"]
[Result "0-1"]
[WhiteElo "1408"]
[BlackElo "2274"]
[PlyCount "42"]
[EventDate "2023.08.12"]
[EventType "swiss"]
[EventRounds "9"]
[EventCountry "PAR"]
[SourceTitle "CBM 215 Extra"]
[Source "ChessBase"]
[SourceDate "2023.09.30"]
[SourceVersion "1"]
[SourceVersionDate "2023.09.30"]
[SourceQuality "1"]

1. d4 Nf6 2. c4 d6 3. Nc3 Nbd7 4. e4 e5 5. d5 Be7 6. Nf3 Nc5 7. Qc2 a5 8. Be2 0-0 9. 0-0 c6 10. Bg5 Nxd5 11. cxd5 Bxg5 12. Nxg5 Qxg5 13. Rac1 f5 14. f3 Bd7 15. a4 cxd5 16. exd5 Rac8 17. b3 Rf6 18. Qb2 Qe3+ 19. Kh1 Rh6 20. Rfe1 Qf4 21. Bf1 Qxh2# 0-1

[Event "Villa Martelli Panno 70-B"]
[Site "Villa Martelli"]
[Date "2023.05.10"]
[Round "2"]
[White "De Dovitiis, Alejo"]
[Black "Melian, Juan Sebastian"]
[Result "0-1"]
[WhiteElo "2283"]
[BlackElo "2293"]
[PlyCount "134"]
[EventDate "2023.05.09"]
[EventType "tourn"]
[EventRounds "9"]
[EventCountry "ARG"]
[EventCategory "3"]
[SourceTitle "CBM 214 Extra"]
[Source "ChessBase"]
[SourceDate "2023.07.31"]
[SourceVersion "1"]
[SourceVersionDate "2023.07.31"]
[SourceQuality "1"]

1. e4 e5 2. Nf3 Nc6 3. Bc4 Bc5 4. c3 Nf6 5. d4 exd4 6. cxd4 Bb4+ 7. Bd2 Bxd2+ 8. Nbxd2 d5 9. exd5 Nxd5 10. Qb3 Nce7 11. 0-0 0-0 12. Ne5 c6 13. Ne4 Rb8 14. Rfe1 Bf5 15. Rad1 f6 16. Nf3 Kh8 17. Qa3 Nc8 18. Bxd5 cxd5 19. Nc3 Kg8 20. Qb3 Nb6 21. a4 Bg4 22. Ne2 Qd6 23. Ng3 Bd7 24. Ra1 g6 25. Ne4 Qc6 26. Nc5 Rf7 27. Nd2 Nc8 28. Rac1 Qd6 29. Nxd7 Qxd7 30. Qg3 Nd6 31. Rc5 Re8 32. Rxe8+ Nxe8 33. Qb3 Kg7 34. Rxd5 Qe6 35. Rd8 Qe1+ 36. Nf1 Nc7 37. Qe3 Qb4 38. d5 Qxa4 39. d6 Nd5 40. Qd2 Nb6 41. h3 Qc6 42. Ne3 h5 43. Qd4 Rd7 44. Rxd7+ Qxd7 45. g4 hxg4 46. hxg4 Kf7 47. g5 Qe6 48. Ng4 fxg5 49. Nh6+ Ke8 50. Qh8+ Kd7 51. Qg7+ Kxd6 52. Qxb7 Qd7 53. Nf7+ Kc5 54. Qxd7 Nxd7 55. Nxg5 Kc4 56. Ne4 Kb3 57. Kg2 Kxb2 58. Nd6 Kb3 59. Nb7 Kb4 60. Kg3 Nc5 61. Nd8 Kb5 62. Nf7 a5 63. Ne5 a4 64. Nf3 a3 65. Ne1 a2 66. Nc2 Kc4 67. Kf4 Kc3 0-1

[Event "Mar del Plata op 52nd"]
[Site "Mar del Plata"]
[Date "2023.04.06"]
[Round "7"]
[White "Hungaski, Robert Andrew"]
[Black "De Dovitiis, Alejo"]
[Result "1-0"]
[WhiteElo "2506"]
[BlackElo "2287"]
[PlyCount "63"]
[EventDate "2023.04.01"]
[EventType "swiss"]
[EventRounds "9"]
[EventCountry "ARG"]
[SourceTitle "CBM 213 Extra"]
[Source "ChessBase"]
[SourceDate "2023.05.31"]
[SourceVersion "1"]
[SourceVersionDate "2023.05.31"]
[SourceQuality "1"]

1. Nf3 Nf6 2. c4 e6 3. g3 d5 4. Bg2 c6 5. d4 Nbd7 6. 0-0 Bd6 7. b3 Qe7 8. Nc3 0-0 9. Qc2 Re8 10. Nh4 Qf8 11. f4 b5 12. cxb5 cxb5 13. Nxb5 Ba6 14. Qc6 Bxb5 15. Qxb5 Rec8 16. Bd2 Rab8 17. Qd3 Ba3 18. Rab1 Qd6 19. Bf3 Rb6 20. Ng2 Nb8 21. f5 Nc6 22. fxe6 fxe6 23. Bf4 Qd7 24. Ne3 Nb4 25. Qd2 Rbc6 26. Be5 Nc2 27. Nc4 dxc4 28. Bxc6 c3 29. Bxd7 cxd2 30. Bxe6+ Kf8 31. Bxc8 Ne3 32. Rbd1 1-0

[Event "Montevideo Duchamp Cup 6th"]
[Site "Montevideo"]
[Date "2023.02.09"]
[Round "7"]
[White "De Dovitiis, Alejo"]
[Black "Garcia Palermo, Carlos H"]
[Result "0-1"]
[WhiteElo "2293"]
[BlackElo "2419"]
[PlyCount "92"]
[EventDate "2023.02.03"]
[EventType "swiss"]
[EventRounds "9"]
[EventCountry "URU"]
[SourceTitle "CBM 212 Extra"]
[Source "ChessBase"]
[SourceDate "2023.03.31"]
[SourceVersion "1"]
[SourceVersionDate "2023.03.31"]
[SourceQuality "1"]

1. e4 c6 2. d4 d5 3. e5 Bf5 4. Nf3 e6 5. Be2 Ne7 6. 0-0 Ng6 7. c3 Nd7 8. a4 f6 9. exf6 Qxf6 10. Qb3 Rb8 11. Bg5 Qf7 12. Be3 Bd6 13. Ne5 Ngxe5 14. dxe5 Nxe5 15. Bxa7 Ra8 16. Be3 Ng4 17. Bxg4 Bxg4 18. Nd2 0-0 19. f4 c5 20. Rae1 Qd7 21. Qb5 Qxb5 22. axb5 Ra2 23. Nb3 b6 24. Rf2 Bf5 25. Rd2 h5 26. g3 Kf7 27. Bf2 h4 28. c4 hxg3 29. hxg3 d4 30. Nc1 Ra1 31. Kg2 g5 32. Kf3 g4+ 33. Kg2 Rfa8 34. b4 Rb1 35. bxc5 bxc5 36. Nd3 Bxd3 37. Rxd3 Rb2 38. Kf1 Raa2 39. Bg1 Kf6 40. Rc1 Kf5 41. Rdd1 e5 42. fxe5 Bxe5 43. Re1 Bxg3 44. Re8 Bf4 45. Rce1 g3 46. Rf8+ Kg4 0-1

[Event "Montevideo Duchamp Cup 6th"]
[Site "Montevideo"]
[Date "2023.02.06"]
[Round "4"]
[White "De Dovitiis, Alejo"]
[Black "Araque, Jairo"]
[Result "1-0"]
[WhiteElo "2293"]
[BlackElo "1961"]
[PlyCount "77"]
[EventDate "2023.02.03"]
[EventType "swiss"]
[EventRounds "9"]
[EventCountry "URU"]
[SourceTitle "CBM 212 Extra"]
[Source "ChessBase"]
[SourceDate "2023.03.31"]
[SourceVersion "1"]
[SourceVersionDate "2023.03.31"]
[SourceQuality "1"]

1. e4 e6 2. d4 d5 3. Nc3 Nf6 4. e5 Nfd7 5. f4 c5 6. Nf3 Nc6 7. Be3 a6 8. Qd2 b5 9. dxc5 Bxc5 10. Bxc5 Nxc5 11. Qf2 Qb6 12. Bd3 Nxd3+ 13. cxd3 Qxf2+ 14. Kxf2 Bd7 15. Ne2 Ke7 16. Ke3 f6 17. Ned4 Rhc8 18. Rac1 Nd8 19. Nb3 Nb7 20. Kd4 a5 21. Rxc8 Rxc8 22. Rc1 Rxc1 23. Nxc1 a4 24. a3 fxe5+ 25. fxe5 Kd8 26. h4 Kc7 27. Ne2 Kb6 28. Nf4 g6 29. Ng5 Nd8 30. Kc3 h6 31. Nh7 Nc6 32. d4 Ne7 33. Nf8 Be8 34. N8xe6 Nf5 35. Nxd5+ Kc6 36. Nf6 Nxh4 37. d5+ Kb6 38. Nxe8 Nxg2 39. d6 1-0

[Event "Montevideo Duchamp Cup 6th"]
[Site "Montevideo"]
[Date "2023.02.04"]
[Round "2"]
[White "De Dovitiis, Alejo"]
[Black "Rodriguez Farias, Eduardo"]
[Result "1-0"]
[WhiteElo "2293"]
[BlackElo "1901"]
[PlyCount "29"]
[EventDate "2023.02.03"]
[EventType "swiss"]
[EventRounds "9"]
[EventCountry "URU"]
[SourceTitle "CBM 212 Extra"]
[Source "ChessBase"]
[SourceDate "2023.03.31"]
[SourceVersion "1"]
[SourceVersionDate "2023.03.31"]
[SourceQuality "1"]

1. e4 c5 2. Nf3 Nc6 3. Nc3 Nf6 4. e5 Ng4 5. Qe2 Qc7 6. Nb5 Qb8 7. d4 cxd4 8. Bf4 g5 9. Bg3 Bg7 10. e6 d6 11. exf7+ Kf8 12. Bxd6 d3 13. cxd3 Bc3+ 14. bxc3 exd6 15. Qe8+ 1-0

[Event "Vicente Lopez ProAm 100 Years op"]
[Site "Buenos Aires"]
[Date "2022.10.11"]
[Round "1"]
[White "Aberbach Peltzman, Angel Sergio"]
[Black "De Dovitiis, Alejo"]
[Result "0-1"]
[WhiteElo "1846"]
[BlackElo "2319"]
[PlyCount "74"]
[EventDate "2022.10.11"]
[EventType "swiss"]
[EventRounds "9"]
[EventCountry "ARG"]
[SourceTitle "CBM 210 Extra"]
[Source "ChessBase"]
[SourceDate "2022.11.30"]
[SourceVersion "1"]
[SourceVersionDate "2022.11.30"]
[SourceQuality "1"]

1. d4 d6 2. e4 Nf6 3. Nc3 g6 4. Be2 Bg7 5. h4 h5 6. Bg5 c6 7. Qd2 b5 8. a3 Bb7 9. f3 Nbd7 10. Nh3 Qc7 11. Nf4 Nh7 12. d5 Nxg5 13. hxg5 a6 14. dxc6 Bxc6 15. Ncd5 Qd8 16. 0-0-0 Rc8 17. g4 hxg4 18. Rxh8+ Bxh8 19. Rh1 Bg7 20. Rh7 Kf8 21. fxg4 Kg8 22. Rh2 e6 23. Nb4 Qxg5 24. Nxc6 Rxc6 25. Nd3 Qf6 26. Qf4 Qxf4+ 27. Nxf4 Be5 28. Rf2 Nc5 29. Nd3 Bd4 30. Rg2 Nxe4 31. Bf3 d5 32. Bxe4 dxe4 33. Nb4 Rd6 34. c3 Bc5 35. Nc2 f5 36. gxf5 exf5 37. b4 Bb6 0-1

[Event "Montevideo Duchamp Cup 4th"]
[Site "Montevideo"]
[Date "2020.02.13"]
[Round "7"]
[White "De Dovitiis, Alejo"]
[Black "Benoit, Rodrigo"]
[Result "1-0"]
[WhiteElo "2314"]
[BlackElo "2170"]
[PlyCount "73"]
[EventDate "2020.02.08"]
[EventType "swiss"]
[EventRounds "9"]
[EventCountry "URU"]
[SourceTitle "CBM 194 Extra"]
[Source "ChessBase"]
[SourceDate "2020.03.31"]
[SourceVersion "1"]
[SourceVersionDate "2020.03.31"]
[SourceQuality "1"]

1. Nf3 d5 2. b3 Nf6 3. Bb2 e6 4. e3 Bd6 5. c4 0-0 6. Nc3 c6 7. Qc2 Na6 8. d4 b6 9. a3 Nc7 10. Bd3 h6 11. e4 dxe4 12. Nxe4 Be7 13. Ne5 Bb7 14. Nxf6+ Bxf6 15. Bh7+ Kh8 16. Be4 Qe8 17. Qe2 Rd8 18. 0-0 Ba8 19. Rad1 Bxe5 20. dxe5 Qe7 21. Bb1 c5 22. Qc2 g6 23. Rd6 Ne8 24. Qd2 Qb7 25. Be4 Qxe4 26. f3 Qh4 27. Rxd8 Bc6 28. Bc1 Kg7 29. Rc8 Bb7 30. Rb8 Bc6 31. Qf4 Qh5 32. g4 Qh4 33. g5 hxg5 34. Qxh4 gxh4 35. Bg5 Rh8 36. Rc8 Bb7 37. Bf6+ 1-0

[Event "Montevideo Duchamp Cup 4th"]
[Site "Montevideo"]
[Date "2020.02.11"]
[Round "5"]
[White "De Dovitiis, Alejo"]
[Black "Guerrero, Alvaro"]
[Result "0-1"]
[WhiteElo "2314"]
[BlackElo "2094"]
[PlyCount "34"]
[EventDate "2020.02.08"]
[EventType "swiss"]
[EventRounds "9"]
[EventCountry "URU"]
[SourceTitle "CBM 194 Extra"]
[Source "ChessBase"]
[SourceDate "2020.03.31"]
[SourceVersion "1"]
[SourceVersionDate "2020.03.31"]
[SourceQuality "1"]

1. e4 c6 2. d4 d5 3. exd5 cxd5 4. c4 Nf6 5. Nc3 g6 6. cxd5 Bg7 7. Bb5+ Nbd7 8. d6 0-0 9. dxe7 Re8 10. Nge2 Rxe7 11. 0-0 Nb6 12. Bg5 h6 13. Bxf6 Bxf6 14. h3 Bd7 15. Bxd7 Rxd7 16. Qd2 Nc4 17. Qxh6 Bg5 0-1

[Event "Montevideo Duchamp Cup 4th"]
[Site "Montevideo"]
[Date "2020.02.09"]
[Round "3"]
[White "De Dovitiis, Alejo"]
[Black "Lima, Darcy Gustavo Macha"]
[Result "1/2-1/2"]
[WhiteElo "2314"]
[BlackElo "2526"]
[PlyCount "133"]
[EventDate "2020.02.08"]
[EventType "swiss"]
[EventRounds "9"]
[EventCountry "URU"]
[SourceTitle "CBM 194 Extra"]
[Source "ChessBase"]
[SourceDate "2020.03.31"]
[SourceVersion "1"]
[SourceVersionDate "2020.03.31"]
[SourceQuality "1"]

1. d4 d5 2. Nf3 e6 3. e3 Nf6 4. Bd3 b6 5. 0-0 Bb7 6. b3 Nbd7 7. Bb2 Bd6 8. Ne5 0-0 9. Nd2 Ne4 10. Nxe4 dxe4 11. Bb5 Nxe5 12. dxe5 Bc5 13. Qxd8 Rfxd8 14. Rfd1 Kf8 15. a3 a5 16. a4 Ke7 17. Kf1 f5 18. h4 Ba6 19. Bxa6 Rxa6 20. Rxd8 Kxd8 21. Ke2 Ra8 22. h5 Ke7 23. Rg1 Rf8 24. Bc1 Rf7 25. Bd2 Kd7 26. c3 Be7 27. b4 Bd8 28. bxa5 bxa5 29. g4 c6 30. c4 Bc7 31. gxf5 exf5 32. Rb1 Bxe5 33. Rb7+ Bc7 34. Bxa5 Kc8 35. Ra7 Rd7 36. Bxc7 Rxc7 37. Ra8+ Kd7 38. a5 Rb7 39. a6 Rb2+ 40. Kf1 Ra2 41. a7 Kc7 42. Rg8 Rxa7 43. Rxg7+ Kb6 44. c5+ Ka6 45. h6 Ra8 46. Rxh7 Rf8 47. Rg7 Rf6 48. h7 Rh6 49. Kg2 Kb5 50. Kg3 Kxc5 51. Kf4 Rh5 52. Ke5 Kc4 53. Kf6 Kd3 54. Kg6 Rh2 55. Rc7 Ke2 56. Rxc6 Kf3 57. Kg7 Rxh7+ 58. Kxh7 Kxf2 59. Kg6 Kxe3 60. Kxf5 Kf3 61. Ke5 e3 62. Rf6+ Kg2 63. Kd4 e2 64. Re6 Kf2 65. Rf6+ Kg2 66. Re6 Kf2 67. Rxe2+ 1/2-1/2

[Event "Montevideo Duchamp Cup 4th"]
[Site "Montevideo"]
[Date "2020.02.09"]
[Round "2"]
[White "Gaye, Gustavo"]
[Black "De Dovitiis, Alejo"]
[Result "0-1"]
[WhiteElo "2001"]
[BlackElo "2314"]
[PlyCount "48"]
[EventDate "2020.02.08"]
[EventType "swiss"]
[EventRounds "9"]
[EventCountry "URU"]
[SourceTitle "CBM 194 Extra"]
[Source "ChessBase"]
[SourceDate "2020.03.31"]
[SourceVersion "1"]
[SourceVersionDate "2020.03.31"]
[SourceQuality "1"]

1. e4 g6 2. Nc3 Bg7 3. g3 c6 4. Bg2 Nf6 5. d3 d5 6. Nf3 dxe4 7. Nxe4 Nxe4 8. dxe4 Qxd1+ 9. Kxd1 Na6 10. c3 Nc5 11. Ne1 f5 12. f3 fxe4 13. fxe4 Bg4+ 14. Kc2 0-0 15. Be3 Na4 16. Rf1 b5 17. Nd3 Rfd8 18. Rf2 Rd7 19. Nc5 Nxc5 20. Bxc5 Rad8 21. Be3 Bd1+ 22. Kc1 Ba4 23. Rd2 Rxd2 24. Bxd2 Bh6 0-1

[Event "Montevideo Duchamp Cup 4th"]
[Site "Montevideo"]
[Date "2020.02.08"]
[Round "1"]
[White "De Dovitiis, Alejo"]
[Black "Ramirez, Agustin"]
[Result "1-0"]
[WhiteElo "2314"]
[BlackElo "1715"]
[PlyCount "61"]
[EventDate "2020.02.08"]
[EventType "swiss"]
[EventRounds "9"]
[EventCountry "URU"]
[SourceTitle "CBM 194 Extra"]
[Source "ChessBase"]
[SourceDate "2020.03.31"]
[SourceVersion "1"]
[SourceVersionDate "2020.03.31"]
[SourceQuality "1"]

1. e4 e6 2. d4 d5 3. exd5 exd5 4. Nf3 Nf6 5. Bd3 Bd6 6. 0-0 0-0 7. c4 c6 8. h3 Be6 9. Ng5 dxc4 10. Nxe6 fxe6 11. Bxc4 Nd5 12. Nc3 Bf4 13. Qg4 Qf6 14. Ne4 Qf7 15. Nc5 Bxc1 16. Raxc1 Nd7 17. Qxe6 Nxc5 18. Qxf7+ Kxf7 19. dxc5 Rad8 20. Rfd1 Kf6 21. Rd3 Rfe8 22. Rcd1 a5 23. Bxd5 cxd5 24. Rxd5 Re1+ 25. Rxe1 Rxd5 26. Rc1 Ke5 27. c6 bxc6 28. Rxc6 Kd4 29. b3 Rc5 30. Rxc5 Kxc5 31. a3 1-0

[Event "Buenos Aires Vicente Lopez 23rd"]
[Site "Buenos Aires"]
[Date "2019.08.22"]
[Round "8"]
[White "Bertorello, Juan Manuel"]
[Black "De Dovitiis, Alejo"]
[Result "1/2-1/2"]
[WhiteElo "2320"]
[BlackElo "2304"]
[PlyCount "44"]
[EventDate "2019.08.14"]
[EventType "tourn"]
[EventRounds "9"]
[EventCountry "ARG"]
[EventCategory "2"]
[SourceTitle "EXT 2020"]
[Source "ChessBase"]
[SourceDate "2019.10.17"]
[SourceVersion "1"]
[SourceVersionDate "2019.10.17"]
[SourceQuality "1"]

1. e4 e5 2. Nf3 Nf6 3. Nc3 Bb4 4. Nxe5 0-0 5. Be2 d6 6. Nd3 Bxc3 7. dxc3 Nxe4 8. 0-0 Nd7 9. Re1 Re8 10. Bf1 h6 11. f3 Nef6 12. Be3 Nf8 13. Qd2 Bd7 14. Bf2 Ng6 15. Rxe8+ Qxe8 16. Re1 Qf8 17. Bd4 Nh7 18. Nf4 Nxf4 19. Qxf4 Re8 20. Rxe8 Qxe8 21. Qe3 Qxe3+ 22. Bxe3 b6 1/2-1/2

[Event "Buenos Aires Vicente Lopez 23rd"]
[Site "Buenos Aires"]
[Date "2019.08.18"]
[Round "4"]
[White "Perez Candelas, Andres Eloy"]
[Black "De Dovitiis, Alejo"]
[Result "1/2-1/2"]
[WhiteElo "2210"]
[BlackElo "2304"]
[PlyCount "117"]
[EventDate "2019.08.14"]
[EventType "tourn"]
[EventRounds "9"]
[EventCountry "ARG"]
[EventCategory "2"]
[SourceTitle "EXT 2020"]
[Source "ChessBase"]
[SourceDate "2019.10.17"]
[SourceVersion "1"]
[SourceVersionDate "2019.10.17"]
[SourceQuality "1"]

1. e4 c5 2. c3 e6 3. d4 d5 4. exd5 exd5 5. Nf3 Nc6 6. Bb5 Bd6 7. 0-0 Nge7 8. dxc5 Bxc5 9. Nbd2 a6 10. Bd3 0-0 11. Nb3 Ba7 12. Nbd4 Nxd4 13. Nxd4 Bxd4 14. cxd4 Bf5 15. Re1 Bxd3 16. Qxd3 Qd7 17. Bd2 Rfe8 18. Rac1 Rac8 19. Bb4 Nc6 20. Bc5 Re6 21. Rxe6 Qxe6 22. Qd2 Re8 23. Kf1 f6 24. Re1 Qd7 25. Qf4 Rxe1+ 26. Kxe1 Kf7 27. Kd2 h5 28. h3 Nd8 29. Qb8 Ne6 30. Qh8 Kg6 31. g4 hxg4 32. hxg4 Kf7 33. f3 Qc6 34. Qb8 Nxc5 35. dxc5 d4 36. Qd6 Qxf3 37. Qxd4 Qg2+ 38. Kc3 Qf3+ 39. Kb4 Kg6 40. Qd7 Qe4+ 41. Ka5 Kh6 42. a3 Qc4 43. Qxb7 Qxc5+ 44. Kxa6 Qc4+ 45. Ka7 Qxg4 46. b4 f5 47. Qa6+ Kg5 48. b5 f4 49. b6 f3 50. b7 Qd4+ 51. Ka8 Qd5 52. Qb6 Kg4 53. Ka7 Qf7 54. Qd4+ Kh3 55. Ka8 f2 56. b8Q Qf3+ 57. Qb7 Qxa3+ 58. Kb8 Qf8+ 59. Qc8+ 1/2-1/2

[Event "Buenos Aires Vicente Lopez 23rd"]
[Site "Buenos Aires"]
[Date "2019.08.16"]
[Round "3"]
[White "Ocantos, Manuel"]
[Black "De Dovitiis, Alejo"]
[Result "1/2-1/2"]
[WhiteElo "2231"]
[BlackElo "2304"]
[PlyCount "80"]
[EventDate "2019.08.14"]
[EventType "tourn"]
[EventRounds "9"]
[EventCountry "ARG"]
[EventCategory "2"]
[SourceTitle "EXT 2020"]
[Source "ChessBase"]
[SourceDate "2019.10.17"]
[SourceVersion "1"]
[SourceVersionDate "2019.10.17"]
[SourceQuality "1"]

1. e4 e6 2. d4 d5 3. Nd2 c5 4. exd5 exd5 5. Bb5+ Nc6 6. Ngf3 Bd6 7. 0-0 Nge7 8. dxc5 Bxc5 9. Nb3 Bd6 10. Nbd4 0-0 11. c3 Qc7 12. Be3 Bg4 13. h3 Bh5 14. Be2 a6 15. Nh4 Bg6 16. Nxg6 hxg6 17. Nxc6 bxc6 18. c4 dxc4 19. Bxc4 Nf5 20. Re1 Rfe8 21. Qf3 Bh2+ 22. Kh1 Be5 23. Rab1 a5 24. Bc5 Bd6 25. Bxd6 Nxd6 26. Qf4 Re7 27. Rxe7 Qxe7 28. Rd1 Nxc4 29. Qxc4 Qf6 30. Kg1 Qxb2 31. Qxc6 Rf8 32. a4 Qb4 33. g3 g5 34. Qb5 Rb8 35. Qd7 g6 36. Rc1 Kg7 37. Rc7 Qe1+ 38. Kg2 Qe4+ 39. Kh2 Rf8 40. Qc6 Qd4 1/2-1/2

[Event "Rio Grande op 19th"]
[Site "Rio Grande"]
[Date "2019.07.07"]
[Round "4"]
[White "Sosa, Ricardo Hugo"]
[Black "De Dovitiis, Alejo"]
[Result "0-1"]
[WhiteElo "1909"]
[BlackElo "2330"]
[PlyCount "56"]
[EventDate "2019.07.05"]
[EventType "swiss"]
[EventRounds "7"]
[EventCountry "ARG"]
[SourceTitle "EXT 2020"]
[Source "ChessBase"]
[SourceDate "2019.10.17"]
[SourceVersion "1"]
[SourceVersionDate "2019.10.17"]
[SourceQuality "1"]

1. d4 Nf6 2. Nf3 g6 3. Bf4 Bg7 4. e3 0-0 5. h3 c5 6. c3 cxd4 7. exd4 d6 8. Be2 Nc6 9. Nbd2 Nd5 10. Bh2 e5 11. dxe5 dxe5 12. 0-0 Qe7 13. Re1 Be6 14. Bf1 Rad8 15. Qc2 Bf5 16. Qb3 Nb6 17. g4 Be6 18. Qc2 f5 19. Nxe5 Nxe5 20. Bxe5 Bxe5 21. Rxe5 Qf6 22. Rae1 fxg4 23. R1e2 g3 24. f3 Bf5 25. Qc1 Bd3 26. R2e3 Bxf1 27. Nxf1 Nc4 28. Re6 Qf5 0-1

[Event "ARG-ch sf 94th"]
[Site "Buenos Aires"]
[Date "2019.03.31"]
[Round "2"]
[White "De Dovitiis, Alejo"]
[Black "Fiora, Emilio"]
[Result "1/2-1/2"]
[WhiteElo "2353"]
[BlackElo "2227"]
[PlyCount "72"]
[EventDate "2019.03.30"]
[EventType "swiss"]
[EventRounds "9"]
[EventCountry "ARG"]
[SourceTitle "CBM 189 Extra"]
[Source "ChessBase"]
[SourceDate "2019.06.03"]
[SourceVersion "1"]
[SourceVersionDate "2019.06.03"]
[SourceQuality "1"]

1. d4 d5 2. Nf3 Bf5 3. Bf4 e6 4. e3 Bd6 5. Bg3 a6 6. Nbd2 Nf6 7. c4 Nc6 8. a3 0-0 9. Be2 h6 10. 0-0 Re8 11. Rc1 Bxg3 12. hxg3 Bg4 13. Qc2 Rc8 14. Rfe1 Ne7 15. Qb3 Rb8 16. Ne5 Bxe2 17. Rxe2 c6 18. cxd5 exd5 19. g4 Nd7 20. Ndf3 Nxe5 21. Nxe5 Qc8 22. f3 f6 23. Nd3 h5 24. gxh5 Nf5 25. Nf4 Ng3 26. Rd2 Qf5 27. Qd3 Qg5 28. Rc3 Nxh5 29. Nxh5 Qxh5 30. g4 Qh3 31. Qf1 Qg3+ 32. Rg2 Qd6 33. g5 f5 34. f4 Qg6 35. Qf3 Kf7 36. Rh2 Re7 1/2-1/2

[Event "ARG-ch sf 94th"]
[Site "Buenos Aires"]
[Date "2019.03.30"]
[Round "1"]
[White "Villanueva, Guillermo"]
[Black "De Dovitiis, Alejo"]
[Result "0-1"]
[WhiteElo "2064"]
[BlackElo "2353"]
[PlyCount "88"]
[EventDate "2019.03.30"]
[EventType "swiss"]
[EventRounds "9"]
[EventCountry "ARG"]
[SourceTitle "CBM 189 Extra"]
[Source "ChessBase"]
[SourceDate "2019.06.03"]
[SourceVersion "1"]
[SourceVersionDate "2019.06.03"]
[SourceQuality "1"]

1. Nf3 d5 2. c4 e6 3. g3 Nf6 4. Bg2 Be7 5. 0-0 0-0 6. d4 dxc4 7. Qa4 a6 8. Qxc4 b5 9. Qc2 Bb7 10. a4 Be4 11. Qd1 b4 12. Nbd2 Bb7 13. Nb3 Nbd7 14. Bd2 a5 15. Rc1 Bd5 16. Bf4 Ra7 17. Ne5 Bxg2 18. Kxg2 Nxe5 19. Bxe5 Qd5+ 20. f3 Ng4 21. Bf4 Bg5 22. Bxg5 Nxh2 23. Kxh2 Qxg5 24. Qd3 f5 25. Rc5 Rf6 26. Kg2 Rh6 27. Rg1 Qh5 28. Kf2 Qg5 29. Rg2 Rh1 30. Qe3 Rf1+ 31. Kxf1 Qxe3 32. Nc1 Qxd4 33. Nd3 b3 34. Rh2 Qxa4 35. Rh4 Qd7 36. Rhc4 a4 37. Kf2 h6 38. Rc6 Kh7 39. Ke1 a3 40. bxa3 Rxa3 41. Rxc7 Qd6 42. f4 Ra1+ 43. Rc1 Qxc7 44. Rxa1 Qc3+ 0-1

[Event "Montevideo Duchamp Cup 3rd"]
[Site "Montevideo"]
[Date "2019.02.16"]
[Round "9"]
[White "De Dovitiis, Alejo"]
[Black "Trois, Francisco R Torres"]
[Result "1-0"]
[WhiteElo "2353"]
[BlackElo "2152"]
[PlyCount "59"]
[EventDate "2019.02.09"]
[EventType "swiss"]
[EventRounds "9"]
[EventCountry "URU"]
[SourceTitle "CBM 188 Extra"]
[Source "ChessBase"]
[SourceDate "2019.02.26"]
[SourceVersion "1"]
[SourceVersionDate "2019.02.26"]
[SourceQuality "1"]

1. d4 Nf6 2. Nc3 d5 3. Bg5 Bf5 4. Bxf6 exf6 5. e3 Bb4 6. Nge2 c6 7. a3 Bd6 8. Ng3 Bg6 9. Bd3 0-0 10. Bxg6 fxg6 11. Qd3 f5 12. 0-0 Nd7 13. Nce2 h5 14. c4 h4 15. Nh1 Qc7 16. g3 dxc4 17. Qxc4+ Kh7 18. d5 hxg3 19. hxg3 Ne5 20. Qc3 Qf7 21. f4 Ng4 22. Nf2 Nxf2 23. Kxf2 Rac8 24. Rac1 Rfe8 25. Nd4 Qxd5 26. Rfd1 Be7 27. Nxc6 Qe6 28. Nxe7 Qxe7 29. Rh1+ Kg8 30. Qb3+ 1-0